Представление документа в формате MARC21

Поле Инд. ПП Название Значение
Тип записи a
Библиографический уровень b
001 Контрольный номер DU/531322698
005 Дата корректировки 20220913161503.5
008 Кодируемые данные 20140701
040 b Код языка каталог. rus
e Правила каталог. PSBO
041 0_ a Код языка текста rus
084 a Индекс другой классификации/Индекс ББК 65.240.5-24
100 1_ a Автор Шарунова В. А.
q Полное имя Шарунова Вера Андреевна
100 1_ a Автор Аистов А. В.
q Полное имя Аистов Андрей Валентинович
100 1_ a Автор Кичко С. А.
q Полное имя Кичко Сергей Игоревич
100 1_ a Автор Покровский Д. А.
q Полное имя Покровский Дмитрий Александрович
245 10 a Заглавие Распределение предпринимательских способностей и производительности: структура рынка труда
504 a Библиография Лит. в конце статьи. - Прил.: с. 240 - 243
520 0_ a Аннотация Исследуется выбор индивидами статуса занятости по двум характеристикам - предпринимательским способностям и способностям к наемному труду. Выбор типа занятости зависит не только от способностей, но и от степени напряженности конкуренции на рынке дифференцированного товара. Увеличение способностей к наемному труду снижает долю предпринимателей в экономике, а склонность к предпринимательству не влияет на долю предпринимателей.
650 14 a Основная рубрика трудовые ресурсы
a Основная рубрика экономика
a Основная рубрика экономика труда
a Основная рубрика экономический анализ
653 1_ a Ключевые слова доходы
a Ключевые слова занятость
a Ключевые слова корпоративные финансы
a Ключевые слова монополистическая конкуренция
a Ключевые слова наемный работник
a Ключевые слова наемный труд
a Ключевые слова неоднородность способностей
a Ключевые слова предпринимательские способности
a Ключевые слова предпринимательство
a Ключевые слова производительность
a Ключевые слова Россия
a Ключевые слова рынок труда
a Ключевые слова рыночная конкуренция
a Ключевые слова рыночное предложение
a Ключевые слова рыночный спрос
a Ключевые слова способности
a Ключевые слова США
a Ключевые слова типология занятости
a Ключевые слова уровень образования
773 08 t Заглавие источника Экономический журнал ВШЭ
d Дата издания источника 2015
g Прочая информация Т. 19, № 2. - С. 218 - 248 : расчет., граф., табл.
w Контрольный № источника RU/IS/BASE/489597581
901 t Тип документа b